[Event "SWE-chT 1415 Elite"]
[Site "Sweden"]
[Date "2014.11.23"]
[Round "3"]
[White "Wikner, Arvid"]
[Black "Svensk, Ingemar"]
[Result "0-1"]
[WhiteElo "2281"]
[BlackElo "2237"]
[PlyCount "82"]
[EventDate "2014.11.21"]
[EventType "team-tourn"]
[EventRounds "9"]
[EventCountry "SWE"]
[SourceTitle "EXT 2016"]
[Source "ChessBase"]
[SourceDate "2015.10.08"]
[SourceVersion "1"]
[SourceVersionDate "2015.10.08"]
[SourceQuality "1"]
[WhiteTeam "Kungstornet"]
[BlackTeam "Farsta"]
[WhiteTeamCountry "SWE"]
[BlackTeamCountry "SWE"]

1. e4 d6 2. d4 Nf6 3. Nc3 e5 4. Nf3 Nbd7 5. Be2 Be7 6. 0-0 0-0 7. h3 c6 8. a4 a5 9. Be3 Qe8 10. Re1 Bd8 11. dxe5 dxe5 12. Bc4 Qe7 13. Ra3 Bb6 14. Nh4 Bxe3 15. Rxe3 Qb4 16. Qe2 Nc5 17. Nf5 Be6 18. Bxe6 fxe6 19. Na2 Qxb2 20. Qc4 Nfxe4 21. Rxe4 Nxe4 22. Qxe6+ Kh8 23. Rd3 Nc5 24. Qe7 e4 25. Rd4 Ne6 26. Qxe6 Rxf5 27. Rxe4 Rf6 28. Qb3 Qxb3 29. cxb3 Rd6 30. Nc3 Rd3 31. Rc4 Re8 32. Rc5 Kg8 33. Kf1 b5 34. f3 b4 35. Ne4 Rxb3 36. Rxa5 Rb8 37. Rc5 Ra3 38. Rxc6 b3 39. Rc1 b2 40. Rb1 Ra1 41. Nd2 Rd8 0-1

[Event "SWE-chT 1314"]
[Site "Sweden"]
[Date "2014.03.07"]
[Round "7.4"]
[White "Svensk, Ingemar"]
[Black "Bellon Lopez, Juan Manuel"]
[Result "0-1"]
[WhiteElo "2239"]
[BlackElo "2381"]
[PlyCount "158"]
[EventDate "2013.11.22"]
[EventType "team-tourn"]
[EventRounds "9"]
[EventCountry "SWE"]
[SourceTitle "EXT 2015"]
[Source "ChessBase"]
[SourceDate "2014.11.20"]
[SourceVersion "1"]
[SourceVersionDate "2014.11.20"]
[SourceQuality "1"]
[WhiteTeam "Farsta"]
[BlackTeam "Stockholm Viking"]
[WhiteTeamCountry "SWE"]
[BlackTeamCountry "SWE"]

1. e4 c5 2. Nf3 e6 3. d4 cxd4 4. Nxd4 a6 5. Nc3 Qc7 6. g3 d6 7. Bg2 Be7 8. 0-0 Nf6 9. a4 Bd7 10. Be3 Nc6 11. Nxc6 Bxc6 12. a5 Rc8 13. Bb6 Qb8 14. Re1 Nd7 15. Bd4 0-0 16. Na4 Bxa4 17. Rxa4 Qc7 18. c3 Bf6 19. Bxf6 Nxf6 20. Rd4 Rfd8 21. Qa4 Qc5 22. e5 dxe5 23. Rxd8+ Rxd8 24. Qb4 Qxb4 25. cxb4 e4 26. Bxe4 Nxe4 27. Rxe4 Rd5 28. Rc4 Kf8 29. Kf1 Ke7 30. Ke2 Kd7 31. h4 h5 32. Ke3 e5 33. f4 exf4+ 34. Rxf4 f6 35. g4 Ke6 36. Rc4 g6 37. gxh5 Rxh5 38. Rg4 Re5+ 39. Kf3 g5 40. hxg5 fxg5 41. Rc4 Rf5+ 42. Ke3 Kd6 43. b3 Rf1 44. Rd4+ Ke6 45. Rc4 Rb1 46. Rc3 Kd6 47. Ke2 Rh1 48. Rg3 Rh5 49. Rd3+ Ke6 50. Re3+ Kf6 51. Rf3+ Kg6 52. Rd3 Rh7 53. Rd6+ Kh5 54. Kf3 Kh4 55. Kg2 Rc7 56. Rh6+ Kg4 57. Rb6 Rc2+ 58. Kf1 Kf3 59. Ke1 Rc1+ 60. Kd2 Rc7 61. Rf6+ Kg3 62. b5 axb5 63. Rf5 g4 64. Rxb5 Kh4 65. Rb6 g3 66. Rg6 Rh7 67. Kd3 Kh3 68. Ke4 g2 69. b4 Rh5 70. Kf3 Rf5+ 71. Ke4 Rb5 72. Kf3 Rf5+ 73. Ke4 Rf1 74. Kd5 g1Q 75. Rxg1 Rxg1 76. Kc5 Rg6 77. b5 Kg4 78. b6 Rc6+ 79. Kb5 Rc1 0-1

[Event "SWE-chT 1011"]
[Site "Sweden"]
[Date "2011.03.13"]
[Round "11"]
[White "Svensk, Ingemar"]
[Black "Carlhammar, Magnus"]
[Result "0-1"]
[WhiteElo "2254"]
[BlackElo "2316"]
[PlyCount "48"]
[EventDate "2010.10.08"]
[EventType "team-tourn"]
[EventRounds "11"]
[EventCountry "SWE"]
[SourceTitle "EXT 2012"]
[Source "ChessBase"]
[SourceDate "2011.11.24"]
[SourceVersion "1"]
[SourceVersionDate "2011.11.24"]
[SourceQuality "1"]
[WhiteTeam "Farsta"]
[BlackTeam "Manhem"]
[WhiteTeamCountry "SWE"]
[BlackTeamCountry "SWE"]

1. d4 d6 2. e4 Nf6 3. Nc3 e5 4. Nf3 Nbd7 5. Bc4 Be7 6. Bb3 0-0 7. g4 Nxg4 8. Rg1 exd4 9. Nxd4 Nde5 10. h3 Nf6 11. f4 Nc6 12. Be3 Nxd4 13. Bxd4 c5 14. Be3 b5 15. e5 c4 16. exf6 Bxf6 17. Qf3 Bh4+ 18. Kf1 cxb3 19. axb3 Bf5 20. Nd5 g6 21. Rg2 Re8 22. Rd2 Be4 23. Qe2 Qd7 24. Kg1 Qxh3 0-1

[Event "SWE-chT 0910"]
[Site "Sweden"]
[Date "2010.03.13"]
[Round "10"]
[White "Svensk, Ingemar"]
[Black "Hallerod, Ralph"]
[Result "1-0"]
[WhiteElo "2284"]
[BlackElo "2102"]
[PlyCount "45"]
[EventDate "2009.10.16"]
[EventType "team"]
[EventRounds "11"]
[EventCountry "SWE"]
[SourceTitle "EXT 2011"]
[Source "ChessBase"]
[SourceDate "2010.11.26"]
[SourceVersion "1"]
[SourceVersionDate "2010.11.26"]
[SourceQuality "1"]
[WhiteTeam "Farsta"]
[BlackTeam "Wasa"]
[WhiteTeamCountry "SWE"]
[BlackTeamCountry "SWE"]

1. Nf3 d5 2. g3 Nd7 3. c4 c6 4. cxd5 cxd5 5. d4 Ngf6 6. Nc3 e6 7. Bg2 Bb4 8. Bd2 0-0 9. 0-0 b6 10. Qb3 Bxc3 11. Bxc3 a5 12. Nd2 Ba6 13. Rfe1 Rc8 14. a4 Rc7 15. e4 dxe4 16. Nxe4 Nxe4 17. Bxe4 Bc4 18. Qc2 Nf6 19. d5 Nxe4 20. Qxe4 Qxd5 21. Qf4 Rfc8 22. Rad1 Qf5 23. Qxc7 1-0

[Event "SWE-chT 0910"]
[Site "Sweden"]
[Date "2009.10.18"]
[Round "3"]
[White "Svensk, Ingemar"]
[Black "Bryntze, Stefan"]
[Result "1-0"]
[WhiteElo "2284"]
[BlackElo "2073"]
[PlyCount "59"]
[EventDate "2009.10.16"]
[EventType "team"]
[EventRounds "11"]
[EventCountry "SWE"]
[SourceTitle "EXT 2011"]
[Source "ChessBase"]
[SourceDate "2010.11.26"]
[SourceVersion "1"]
[SourceVersionDate "2010.11.26"]
[SourceQuality "1"]
[WhiteTeam "Farsta"]
[BlackTeam "Stockholm Rockaden"]
[WhiteTeamCountry "SWE"]
[BlackTeamCountry "SWE"]

1. e4 e5 2. Nf3 Nc6 3. d4 exd4 4. Nxd4 Qf6 5. Be3 Bc5 6. c3 Nge7 7. g3 d6 8. Bg2 Bb6 9. 0-0 Bd7 10. Nb5 Ne5 11. N1a3 Rc8 12. Bxb6 axb6 13. f4 Nc4 14. Qe2 Nxa3 15. Nxa3 Bc6 16. Nc2 0-0 17. Ne3 Rfe8 18. Rae1 Ra8 19. Ng4 Qe6 20. f5 Qxa2 21. f6 Ng6 22. fxg7 Ra5 23. Qe3 Qc4 24. Qh6 Re6 25. Rxf7 Ra8 26. Ref1 Qc5+ 27. Kh1 d5 28. Qg5 Nf4 29. Qxf4 dxe4 30. Rf8+ 1-0

[Event "SWE-chT 0405"]
[Site "Sweden"]
[Date "2005.??.??"]
[Round "8"]
[White "Svensk, Ingemar"]
[Black "Berkell, Peder"]
[Result "1/2-1/2"]
[WhiteElo "2292"]
[BlackElo "2242"]
[PlyCount "26"]
[EventDate "2004.11.05"]
[EventType "team"]
[EventRounds "11"]
[EventCountry "SWE"]
[SourceTitle "EXT 2006"]
[Source "ChessBase"]
[SourceDate "2005.11.24"]
[SourceVersion "1"]
[SourceVersionDate "2005.11.24"]
[SourceQuality "1"]
[WhiteTeam "Farsta"]
[BlackTeam "Wasa"]
[WhiteTeamCountry "SWE"]
[BlackTeamCountry "SWE"]

1. e4 e5 2. Nf3 Nc6 3. Bb5 Nf6 4. 0-0 Nxe4 5. d4 Nd6 6. Bxc6 dxc6 7. dxe5 Nf5 8. Qxd8+ Kxd8 9. Nc3 Be6 10. Bg5+ Ke8 11. Rad1 h6 12. Bc1 Bb4 13. Bd2 Bxc3 1/2-1/2

[Event "SWE-chT 0304"]
[Site "Sweden"]
[Date "2004.??.??"]
[Round "6"]
[White "Sanden, Stefan"]
[Black "Svensk, Ingemar"]
[Result "1-0"]
[WhiteElo "2321"]
[BlackElo "2291"]
[PlyCount "75"]
[EventDate "2003.10.??"]
[EventType "team"]
[EventRounds "11"]
[EventCountry "SWE"]
[SourceTitle "EXT 2005"]
[Source "ChessBase"]
[SourceDate "2004.11.15"]
[SourceVersion "1"]
[SourceVersionDate "2004.11.15"]
[SourceQuality "1"]
[WhiteTeam "Passanten"]
[BlackTeam "Farsta"]
[WhiteTeamCountry "SWE"]
[BlackTeamCountry "SWE"]

1. e4 c5 2. Nf3 e6 3. d4 cxd4 4. Nxd4 a6 5. Nc3 Qc7 6. Bd3 Nf6 7. 0-0 b5 8. Qe2 Bb7 9. Kh1 Nc6 10. Nb3 Ne5 11. f4 Nxd3 12. cxd3 b4 13. Nd1 a5 14. Be3 a4 15. Rc1 Qb8 16. Nc5 Bc6 17. f5 Qb5 18. fxe6 dxe6 19. e5 Ne4 20. Qf3 Nd6 21. Nxe6 Bxf3 22. Nc7+ Kd7 23. Rxf3 Qxe5 24. Nxa8 Be7 25. Nb6+ Ke8 26. Bf2 Bg5 27. Ne3 Qxb2 28. Rc6 Qb1+ 29. Bg1 Nb7 30. Rc8+ Nd8 31. Nf5 g6 32. Nd6+ Kf8 33. Nxf7 Kg7 34. Nxg5 b3 35. Rc7+ Kh6 36. h4 bxa2 37. Kh2 a1Q 38. Be3 1-0

[Event "SWE-chT 0203"]
[Site "Sweden"]
[Date "2002.11.16"]
[Round "4"]
[White "Welin, Thomas"]
[Black "Svensk, Ingemar"]
[Result "1-0"]
[WhiteElo "2375"]
[BlackElo "2299"]
[PlyCount "63"]
[EventDate "2002.10.11"]
[EventType "team"]
[EventRounds "11"]
[EventCountry "SWE"]
[SourceTitle "EXT 2004"]
[Source "ChessBase"]
[SourceDate "2003.11.25"]
[SourceVersion "1"]
[SourceVersionDate "2003.11.25"]
[SourceQuality "1"]
[WhiteTeam "Sodra"]
[BlackTeam "Farsta"]
[WhiteTeamCountry "SWE"]
[BlackTeamCountry "SWE"]

1. b3 d5 2. Bb2 c6 3. g3 Bg4 4. Bg2 Nd7 5. h3 Bh5 6. Nf3 Ngf6 7. 0-0 e6 8. d3 Qc7 9. Nbd2 Bc5 10. Kh1 0-0 11. e4 dxe4 12. dxe4 e5 13. Qe1 Bxf3 14. Nxf3 Rfe8 15. Nh4 Bd4 16. c3 Bc5 17. Rd1 g6 18. c4 Nh5 19. f4 exf4 20. gxf4 Bf8 21. e5 Bg7 22. Bf3 Nxe5 23. fxe5 Bxe5 24. Bxe5 Rxe5 25. Qf2 Rae8 26. Bxh5 Rxh5 27. Rd3 Re4 28. Ng2 Qe7 29. Rf3 Qe6 30. Qg3 g5 31. Kg1 Qd7 32. Rxf7 1-0

[Event "SWE-chT 0102"]
[Site "Sweden"]
[Date "2002.03.17"]
[Round "11"]
[White "Svensk, Ingemar"]
[Black "Borvander, Tom"]
[Result "1-0"]
[WhiteElo "2321"]
[BlackElo "2224"]
[PlyCount "110"]
[EventDate "2001.10.12"]
[EventType "team"]
[EventRounds "11"]
[EventCountry "SWE"]
[SourceTitle "EXT 2003"]
[Source "ChessBase"]
[SourceDate "2002.11.25"]
[SourceVersion "1"]
[SourceVersionDate "2002.11.25"]
[SourceQuality "1"]
[WhiteTeam "Farsta"]
[BlackTeam "Kamraterna"]
[WhiteTeamCountry "SWE"]
[BlackTeamCountry "SWE"]

1. e4 e5 2. Nf3 Nc6 3. Bb5 a6 4. Ba4 Nf6 5. 0-0 b5 6. Bb3 Bc5 7. c3 d6 8. d4 Bb6 9. Bg5 Bb7 10. a4 h6 11. Bxf6 Qxf6 12. Bd5 0-0 13. dxe5 dxe5 14. axb5 axb5 15. Na3 Rad8 16. Qe2 Rfe8 17. Nxb5 Rb8 18. b4 Bc8 19. Qc4 Bd7 20. Rfd1 Re7 21. Nxc7 Rc8 22. Ra8 Nb8 23. Bb7 Rxc7 24. Rxb8+ Kh7 25. Qa2 Bg4 26. Ba6 Bxf3 27. gxf3 Rc6 28. Rd3 Qg5+ 29. Kf1 Rg6 30. Rxb6 Qg1+ 31. Ke2 Rxb6 32. Bc4 Rbb7 33. Qd2 Qh1 34. Bd5 Ra7 35. b5 Ra1 36. Qd1 Rxd1 37. Rxd1 Qxh2 38. b6 Qf4 39. c4 Qf6 40. c5 Re8 41. Rc1 Rb8 42. Rb1 Qd8 43. Rb5 Kg6 44. b7 Qc7 45. Kf1 Kg5 46. Kg2 Kf4 47. c6 h5 48. Rb3 h4 49. Rc3 h3+ 50. Kxh3 Qe7 51. Kg2 Rh8 52. Kf1 Qb4 53. Rb3 Qd2 54. b8Q Qd1+ 55. Kg2 Qh1# 1-0

[Event "SWE-chT 0102"]
[Site "Sweden"]
[Date "2001.10.12"]
[Round "1"]
[White "Svensk, Ingemar"]
[Black "Aagaard, Jacob"]
[Result "1/2-1/2"]
[WhiteElo "2321"]
[BlackElo "2445"]
[PlyCount "89"]
[EventDate "2001.10.12"]
[EventType "team"]
[EventRounds "11"]
[EventCountry "SWE"]
[SourceTitle "EXT 2003"]
[Source "ChessBase"]
[SourceDate "2002.11.25"]
[SourceVersion "1"]
[SourceVersionDate "2002.11.25"]
[SourceQuality "1"]
[WhiteTeam "Farsta"]
[BlackTeam "Limhamn"]
[WhiteTeamCountry "SWE"]
[BlackTeamCountry "SWE"]

1. e4 e5 2. Nf3 Nc6 3. Bb5 f5 4. Nc3 Nd4 5. exf5 c6 6. Bd3 Nxf3+ 7. Qxf3 Nf6 8. Ne4 d5 9. Nxf6+ Qxf6 10. Qh5+ Kd8 11. Be2 Qxf5 12. Qxf5 Bxf5 13. d3 Kd7 14. 0-0 Bd6 15. c3 a5 16. a4 Rae8 17. Bd2 b6 18. Rfe1 Rhf8 19. Be3 Kc7 20. f3 Bc5 21. Bf1 Bxe3+ 22. Rxe3 d4 23. Ree1 Kd6 24. Kf2 g5 25. h3 h5 26. Kg3 h4+ 27. Kf2 c5 28. Ke2 dxc3 29. bxc3 c4 30. Kd2 Kc6 31. d4 e4 32. Bxc4 Kd6 33. Bb5 Re6 34. Re3 Rc8 35. Ba6 Rc7 36. Be2 exf3 37. Rxe6+ Bxe6 38. Bxf3 Rg7 39. Rb1 Kc7 40. Ke3 Bd7 41. Ra1 Re7+ 42. Kd2 Rf7 43. Ke3 Re7+ 44. Kd2 Rf7 45. Ke3 1/2-1/2

[Event "SWE-chT 0001"]
[Site "Sweden"]
[Date "2000.12.09"]
[Round "5"]
[White "Svensk, Ingemar"]
[Black "Nordstrom, Felix"]
[Result "1-0"]
[WhiteElo "2312"]
[BlackElo "2206"]
[PlyCount "80"]
[EventDate "2000.10.13"]
[EventType "team"]
[EventRounds "11"]
[EventCountry "SWE"]
[SourceTitle "EXT 2006"]
[Source "ChessBase"]
[SourceDate "2005.11.24"]
[SourceVersion "1"]
[SourceVersionDate "2005.11.24"]
[SourceQuality "1"]
[WhiteTeam "Farsta"]
[BlackTeam "Wasa"]
[WhiteTeamCountry "SWE"]
[BlackTeamCountry "SWE"]

1. e4 c6 2. d4 d5 3. exd5 cxd5 4. Bd3 Nc6 5. c3 Nf6 6. Bf4 Bg4 7. Qb3 Na5 8. Qa4+ Bd7 9. Qc2 e6 10. Nd2 Qb6 11. a4 Bd6 12. Bxd6 Qxd6 13. Ngf3 Nc6 14. 0-0 0-0 15. Rae1 h6 16. Ne5 Be8 17. f4 Nd7 18. Qd1 f6 19. Ng4 f5 20. Ne5 Ncxe5 21. fxe5 Qb6 22. Nb3 Rc8 23. Rf2 Rf7 24. Bc2 g5 25. g4 f4 26. h4 Qd8 27. Rh2 Rg7 28. hxg5 Qxg5 29. Kh1 Bg6 30. Bxg6 Qxg6 31. Qf3 Rf8 32. Rg1 Nb6 33. Nc5 Nc4 34. Rh4 b6 35. Nd3 Qe4 36. Ne1 Nd2 37. Qg2 f3 38. Qf2 Rf4 39. Kh2 Nc4 40. b3 Na5 1-0

[Event "SWE-chT 9899"]
[Site "Sweden"]
[Date "1999.??.??"]
[Round "10"]
[White "Helgason, Reynir"]
[Black "Svensk, Ingemar"]
[Result "1-0"]
[WhiteElo "2395"]
[BlackElo "2342"]
[PlyCount "103"]
[EventDate "1998.??.??"]
[EventType "team"]
[EventRounds "11"]
[EventCountry "SWE"]
[SourceTitle "EXT 2000"]
[Source "ChessBase"]
[SourceDate "1999.11.16"]
[SourceVersion "1"]
[SourceVersionDate "1999.11.16"]
[SourceQuality "1"]

1. d4 d5 2. Nf3 Nf6 3. c4 dxc4 4. e3 e6 5. Bxc4 c5 6. 0-0 Nc6 7. Qe2 cxd4 8. Rd1 Be7 9. exd4 0-0 10. Nc3 a6 11. Bg5 Nd5 12. Bxd5 exd5 13. Bxe7 Nxe7 14. Ne5 Bd7 15. Qf3 Be8 16. Re1 Qd6 17. Nd3 Bc6 18. Re3 Rad8 19. Rae1 Ng6 20. a3 Qc7 21. b4 b6 22. g3 Bb7 23. Ne5 Rfe8 24. h4 Rc8 25. h5 Nxe5 26. Rxe5 Rxe5 27. Rxe5 f6 28. Re3 Qd6 29. Ne2 Bc6 30. Nf4 h6 31. Ng6 Re8 32. Rxe8+ Bxe8 33. Qxd5+ Qxd5 34. Ne7+ Kf8 35. Nxd5 Bxh5 36. Nxb6 Bf3 37. Nd7+ Ke7 38. Nc5 Kd6 39. Nxa6 Kd5 40. Nc7+ Kxd4 41. Ne6+ Kc4 42. Nxg7 Kb3 43. Ne8 Kxa3 44. b5 Kb4 45. b6 Kc5 46. Nxf6 Kxb6 47. Kh2 Kc5 48. Kh3 Kd6 49. Kh4 Ke6 50. Ng4 h5 51. Nh2 Bd1 52. f3 1-0

[Event "SWE-chT 9798"]
[Site "Sweden"]
[Date "1998.??.??"]
[Round "7"]
[White "Svensk, Ingemar"]
[Black "Nilsson, Ove Farsta"]
[Result "1-0"]
[WhiteElo "2295"]
[BlackElo "2160"]
[PlyCount "63"]
[EventDate "1997.??.??"]
[EventType "team"]
[EventRounds "9"]
[EventCountry "SWE"]
[SourceTitle "EXT 2000"]
[Source "ChessBase"]
[SourceDate "1999.11.16"]
[SourceVersion "1"]
[SourceVersionDate "1999.11.16"]
[SourceQuality "1"]

1. e4 g6 2. d4 Bg7 3. Nc3 d6 4. f4 c6 5. Be3 Qb6 6. a3 Nh6 7. Be2 d5 8. e5 Nf5 9. Bf2 h5 10. Nf3 Bh6 11. Qc1 Bxf4 12. Qxf4 Qxb2 13. Kd2 Qb6 14. h3 Be6 15. Rab1 Qc7 16. Ng5 Ng7 17. Rb3 Nd7 18. Rhb1 b5 19. a4 a6 20. Be3 Nb6 21. Rf1 0-0 22. Rbb1 Nc4+ 23. Bxc4 dxc4 24. g4 Qa5 25. axb5 axb5 26. Nge4 b4 27. Qh6 bxc3+ 28. Ke2 f6 29. exf6 exf6 30. Rb7 Rf7 31. Nxf6+ Kf8 32. Qh8# 1-0

[Event "Gausdal Int"]
[Site "Gausdal"]
[Date "1992.??.??"]
[Round "7"]
[White "Svensk, Ingemar"]
[Black "Thorhallsson, Gylfi"]
[Result "1-0"]
[WhiteElo "2265"]
[BlackElo "2285"]
[PlyCount "73"]
[EventDate "1992.08.??"]
[EventType "swiss"]
[EventRounds "9"]
[EventCountry "NOR"]
[SourceTitle "TD"]
[Source "ChessBase"]
[SourceDate "1994.03.01"]
[SourceVersion "1"]
[SourceVersionDate "1994.03.01"]
[SourceQuality "1"]

1. e4 e5 2. Nf3 Nc6 3. Bb5 a6 4. Ba4 Nf6 5. 0-0 b5 6. Bb3 Be7 7. Re1 0-0 8. c3 d5 9. exd5 Nxd5 10. Nxe5 Nxe5 11. Rxe5 c6 12. d4 Bd6 13. Re1 Qh4 14. g3 Qh3 15. Re4 g5 16. Qf3 Bf5 17. Bc2 Bxe4 18. Bxe4 Rae8 19. Bxg5 Re6 20. Nd2 Rfe8 21. Rf1 Ne7 22. Bxe7 R6xe7 23. Bxc6 Rd8 24. Ne4 Qe6 25. Bd5 Qg6 26. h4 Bc7 27. h5 Qh6 28. Qf5 Kg7 29. b3 Rb8 30. Rd1 Rb6 31. Kg2 Rb8 32. Rd3 f6 33. Rf3 Rf8 34. Qg4+ Kh8 35. Rxf6 Qg7 36. Qxg7+ Kxg7 37. h6+ 1-0

[Event "Naestved op"]
[Site "Naestved"]
[Date "1988.??.??"]
[Round "?"]
[White "Svensk, Ingemar"]
[Black "Busch, Klaus"]
[Result "1-0"]
[WhiteElo "2230"]
[BlackElo "2340"]
[PlyCount "63"]
[EventDate "1988.07.??"]
[EventType "swiss"]
[EventRounds "9"]
[EventCountry "DEN"]
[SourceTitle "EXT 2000"]
[Source "ChessBase"]
[SourceDate "1999.11.16"]
[SourceVersion "1"]
[SourceVersionDate "1999.11.16"]
[SourceQuality "1"]

1. e4 c5 2. Nc3 Nc6 3. Nge2 e5 4. g3 g6 5. Bg2 Bg7 6. d3 d6 7. a3 Nge7 8. 0-0 0-0 9. Rb1 Nd4 10. b4 Rb8 11. bxc5 dxc5 12. Be3 Be6 13. Qd2 Qd7 14. f4 b6 15. fxe5 Bxe5 16. Bh6 Bg7 17. Bxg7 Kxg7 18. Rf4 h6 19. Rbf1 c4 20. Nd5 Nxe2+ 21. Qxe2 cxd3 22. cxd3 Bxd5 23. exd5 Qd6 24. Qb2+ f6 25. Re4 Nxd5 26. Rd4 Qe5 27. Qf2 Ne7 28. Rd7 Rbd8 29. Rxa7 Qd6 30. Rb7 Qxa3 31. Qxb6 Rf7 32. Qxd8 1-0